Sanat - "Meille käy hyvin" - Ellinoora - Statistics

Yleistilastot
  • Tätä visaa on pelattu 27 kertaa
  • Keskiarvotulos 87 / 164
Vastaustilastot
Vastaus % Oikein
hyvin
78%
käy
78%
meille
78%
72%
ja
67%
sen
67%
on
61%
tiedä
61%
voi
61%
arkkua
56%
ei
56%
et
56%
kantoi
56%
katsomaan
56%
koskettiin
56%
kuinka
56%
kuka
56%
kun
56%
kunpa
56%
lapsia
56%
matkustaa
56%
miltä
56%
näytetään
56%
päähän
56%
pohjaa
56%
saadaanko
56%
sadan
56%
tiedät
56%
tuu
56%
vanhana
56%
voisin
56%
vuoden
56%
asettuu
50%
hyvästi
50%
ihmettelen
50%
ikkunasta
50%
jos
50%
kahlattiin
50%
Kesällä
50%
kosketit
50%
kukkaseppeleen
50%
mua
50%
olo
50%
sanoa
50%
selkeesti
50%
surullinen
50%
syvästi
50%
syviin
50%
takas
50%
vaihteluu
50%
vaik
50%
vasta
50%
vesiin
50%
vuodenaikojen
50%
vuorotellen
50%
aarretta
44%
en
44%
etsimään
44%
huolta
44%
ilot
44%
itään
44%
itseni
44%
joku
44%
kadotan
44%
kauas
44%
lähtee
44%
meren
44%
musta
44%
ollutkaan
44%
osaa
44%
pitää
44%
pohjaan
44%
puinko
44%
sukellan
44%
sun
44%
surut
44%
täytyy
44%
tervetuloo
44%
tiedäthän
44%
tuleeko
44%
aamulla
39%
kääntyy
39%
kaikki
39%
kuvia
39%
liian
39%
menneisyyden
39%
näyttämölle
39%
pitikö
39%
tääl
39%
valvot
39%
vasempaan
39%
viideltä
39%
alhot
33%
hopeet
33%
huiput
33%
kullat
33%
matalat
33%
no
33%
nopeaa
33%
nopeet
33%
oonko
33%
pääs
33%
saatiinko
33%
terävät
33%
vilisee
33%
hotellit
28%
ohi
28%
silmien
28%
vaikeudet
28%
Ehtoja vastaavia visoja ei löytynyt
Tulosjakauma
Jokaisen tuloksen saaneiden osuus
Persentiili vastausten määrän mukaan
Tuloshistoriasi
Et ole pelannut tätä visaa